000 00624nam a22001457a 4500
008 160506b xxu||||| |||| 00| 0 eng d
082 _22013
_aUT 0494
_bM76
100 _97628
_aMontoibon, Sheila Mae Q.
245 _aSelf-esteem and team building skills of selected government employees in Digos City/
_cSheila Mae Q. Montibon, Marchioness S. Robles, Flora Mae P. Pableo and Analiza E. Galvez.
260 _aDigos City:
_bUMDC
_cNovember 2013.
300 _a75 pages;
_c30 cm.
650 0 _97626
_aBusiness Administration
_vMarketing Management
_xUndergraduate thesis.
700 _97623
_aRobles, Marchioness S.
942 _2ddc
_cUT
999 _c2327
_d2327